000
00300nam a2200121 a 4500
008
101213s1996|||| d
100
1
_a
Bútorová, Zora
245
1
0
_a
Ona a On na Slovensku
260
_a
Bratislava
_c
1996
_b
Aliancia žien Slovenska
020
_c
10
041
_a
slo
044
_a
xo
_c
SK
999
_c
15174
_d
15174